Asomiya natak : (Record no. 2629)

MARC details
000 -LEADER
fixed length control field 00509cam a2200193ua 4500
008 - FIXED-LENGTH DATA ELEMENTS--GENERAL INFORMATION
fixed length control field 150216n ii |||gr||||Z||||||asm
040 ## - CATALOGING SOURCE
Transcribing agency MAIN
041 ## - LANGUAGE CODE
-- asm
082 ## - DEWEY DECIMAL CLASSIFICATION NUMBER
Classification number 891.4512
100 ## - MAIN ENTRY--PERSONAL NAME
Personal name Rajbangshi, Paramananda,
Relator term
245 ## - TITLE STATEMENT
Title Asomiya natak :
Remainder of title parampara aru paribartan /
Statement of responsibility, etc. ed. by Paramananda Rajbangshi
250 ## - EDITION STATEMENT
Edition statement 1st.
260 ## - PUBLICATION, DISTRIBUTION, ETC.
Place of publication, distribution, etc. Guahati:
Name of publisher, distributor, etc. Chandra prakash,995.
300 ## - PHYSICAL DESCRIPTION
Extent 170p:
Dimensions 23cm.
942 ## - ADDED ENTRY ELEMENTS (KOHA)
Koha item type Books
653 ## - INDEX TERM--UNCONTROLLED
Uncontrolled term Assamese drama
653 ## - INDEX TERM--UNCONTROLLED
Uncontrolled term Asomiya natak
Holdings
Withdrawn status Lost status Damaged status Not for loan Home library Current library Shelving location Date acquired Total Checkouts Full call number Barcode Date last seen Copy number Price effective from Koha item type Date last checked out
        Naharkatiya College Library Naharkatiya College Library General Stacks 19/09/2020   891.4512 | RAJ 10819 19/09/2020 1 19/09/2020 Books  
        Naharkatiya College Library Naharkatiya College Library General Stacks 19/09/2020 1 891.4512 | RAJ 22159 04/06/2025 2 19/09/2020 Books 24/05/2025

Naharkatiya College © 2020. All rights reserved.

Powered By